[Event "OPEN A"]
[Site "?"]
[Date "2008.08.30"]
[Round "9.14"]
[White "Prochazka, P."]
[Black "Cerny, M."]
[Result "0-1"]
[WhiteElo "1994"]
[BlackElo "2203"]
[PlyCount "80"]
[EventDate "2008.08.22"]
[SourceDate "2008.08.30"]

1. e4 c5 2. Nf3 e6 3. d4 cxd4 4. Nxd4 Nc6 5. Nc3 Qc7 6. Be2 a6 7. O-O b5 8. Bf3
Bb7 9. Nxc6 Bxc6 10. Qe2 Qb7 11. Bf4 d6 12. Rad1 e5 13. Bc1 b4 14. Nd5 Bb5 15.
Qe1 Bxf1 16. Qxf1 Ne7 17. Ne3 g6 18. Ng4 Bg7 19. Nh6 Ng8 20. Nxg8 Rxg8 21. Rxd6
Ke7 22. Rd5 Rgc8 23. Qd3 Qc6 24. Be3 Kf8 25. Bg4 Rcb8 26. Rd7 Kg8 27. Bg5 h5
28. Bh3 Rc8 29. Qf3 Rf8 30. Be7 Qxc2 31. Bxb4 Qxb2 32. Bxf8 Rxf8 33. Qb3 Qe2
34. Qb1 Rc8 35. Rxf7 Qc2 36. Rxg7+ Kxg7 37. Qxc2 Rxc2 38. g4 hxg4 39. Bxg4 Rxa2
40. Be6 Rb2 0-1

[Event "Open A"]
[Site "?"]
[Date "2008.??.??"]
[Round "9.15"]
[White "Straka, V."]
[Black "Siktanc, P."]
[Result "0-1"]
[WhiteElo "1978"]
[BlackElo "2197"]
[PlyCount "68"]
[EventDate "2008.??.??"]

1. d4 e6 2. Nf3 f5 3. c4 Nf6 4. Nc3 Bb4 5. Bd2 O-O 6. g3 d6 7. b3 Qe7 8. a3
Bxc3 9. Bxc3 Nbd7 10. Bg2 e5 11. dxe5 dxe5 12. O-O e4 13. Nd4 Ne5 14. Qc1 c5
15. Nc2 Ng6 16. Rd1 Be6 17. Qb2 Rae8 18. e3 Bc8 19. Rd2 Ng4 20. Rad1 N6e5 21.
Ne1 Ng6 22. Nc2 N4e5 23. Ne1 h5 24. h4 Ng4 25. Nc2 Rf7 26. Rd5 N6e5 27. Ne1 b6
28. Bh3 Bb7 29. Bxg4 Nxg4 30. Rd6 f4 31. Qd2 fxe3 32. fxe3 Qf8 33. Ng2 Rf2 34.
Qe1 Qf3 0-1

[Event "OPEN A"]
[Site "?"]
[Date "2008.08.30"]
[Round "9.16"]
[White "Vesecky, M."]
[Black "Skala, J."]
[Result "0-1"]
[WhiteElo "1957"]
[BlackElo "2084"]
[PlyCount "86"]
[EventDate "2008.08.23"]
[SourceDate "2008.08.30"]

1. e4 e5 2. Nf3 Nc6 3. Bb5 a6 4. Ba4 Nf6 5. O-O Be7 6. Re1 b5 7. Bb3 O-O 8. h3
d6 9. c3 Na5 10. Bc2 c5 11. d4 cxd4 12. cxd4 Nc6 13. d5 Nb8 14. Nbd2 Nbd7 15.
Nf1 Re8 16. Ng3 Nf8 17. Nf5 Ng6 18. g4 Nf4 19. Bxf4 exf4 20. N3d4 Bxf5 21. Nxf5
Nd7 22. Qf3 g5 23. e5 dxe5 24. Qd3 Nf8 25. Rxe5 Bf6 26. Rxe8 Qxe8 27. d6 Rd8
28. Bb3 Ne6 29. Re1 Qd7 30. Qd5 Re8 31. Re2 Kf8 32. Nh6 Kg7 33. Nf5+ Kf8 34. h4
gxh4 35. Nh6 Ng5 36. Rc2 Re1+ 37. Kh2 f3 38. Rc7 Qe8 39. Rxf7+ Nxf7 40. Qxf7+
Qxf7 41. Nxf7 Be5+ 42. Nxe5 Rxe5 43. Bd1 Re2 0-1

[Event "OPEN A"]
[Site "?"]
[Date "????.??.??"]
[Round "9.17"]
[White "Skacel, J."]
[Black "Vavrinec, T."]
[Result "1/2-1/2"]
[WhiteElo "2060"]
[BlackElo "2059"]
[PlyCount "47"]
[EventDate "2008.08.22"]
[SourceDate "2008.08.30"]

1. e4 e6 2. d4 d5 3. Nd2 Be7 4. Bd3 c5 5. exd5 Qxd5 6. Ngf3 cxd4 7. O-O Nc6 8.
Qe2 Nf6 9. Nb3 O-O 10. Rd1 Rd8 11. c3 b6 12. Bc4 Qh5 13. Nbxd4 Nxd4 14. Rxd4
Bb7 15. Be3 Ng4 16. Rxd8+ Rxd8 17. Bf4 Bc5 18. Bg3 h6 19. Rd1 Rxd1+ 20. Qxd1
Bd5 21. Bxd5 Qxd5 22. Qxd5 exd5 23. Kf1 Kf8 24. Ke2 1/2-1/2

[Event "OPEN A"]
[Site "?"]
[Date "2008.08.30"]
[Round "9.18"]
[White "Bernath, S."]
[Black "Voracek, Z."]
[Result "0-1"]
[WhiteElo "1952"]
[BlackElo "2059"]
[PlyCount "80"]
[EventDate "2008.08.23"]
[SourceDate "2008.08.30"]

1. e4 Nf6 2. e5 Nd5 3. d4 d6 4. Nf3 Bg4 5. Be2 e6 6. O-O Be7 7. c4 Nb6 8. exd6
cxd6 9. Nc3 O-O 10. b3 Nc6 11. Bb2 d5 12. c5 Bxf3 13. Bxf3 Nc8 14. Rc1 Bf6 15.
Ne2 b6 16. cxb6 Qxb6 17. Ba3 Be7 18. Bb2 Nd6 19. Ba3 Nf5 20. Bc5 Bxc5 21. dxc5
Qb4 22. g3 Rfc8 23. Bg2 Ne5 24. Qc2 g6 25. a3 Qxa3 26. Qc3 Nc6 27. Nf4 Rab8 28.
Qf6 Ng7 29. Nxd5 exd5 30. Bxd5 Nd8 31. c6 Nde6 32. Rc3 Rc7 33. Rd1 Qe7 34. Qe5
Rd8 35. Re1 Qd6 36. Bxe6 Nxe6 37. Qa5 Nd4 38. Rce3 Qxc6 39. Qg5 Rdc8 40. Qg4
Nc2 0-1

[Event "OPEN A"]
[Site "?"]
[Date "2008.08.30"]
[Round "9.19"]
[White "Dvorak, M."]
[Black "Soural, J."]
[Result "0-1"]
[WhiteElo "2001"]
[BlackElo "2285"]
[PlyCount "121"]
[EventDate "2008.08.22"]
[SourceDate "2008.08.30"]

1. e4 c5 2. Nf3 d6 3. d4 cxd4 4. Nxd4 Nf6 5. Nc3 a6 6. Be3 e5 7. Nb3 Be6 8. f3
Nbd7 9. Be2 b5 10. a4 b4 11. Nd5 Bxd5 12. exd5 Nb6 13. a5 Nbxd5 14. Bf2 Be7 15.
Bc4 Nf4 16. g3 Qc7 17. Bxa6 Rxa6 18. gxf4 O-O 19. fxe5 dxe5 20. Bb6 Qc8 21. Qd3
Nd7 22. Be3 Rd8 23. Qe2 Bh4+ 24. Kf1 Rc6 25. Rc1 Nf6 26. Rg1 Nd5 27. Rg4 Be7
28. Bd2 Rxc2 29. Qxe5 Bf6 30. Qe4 Rxc1+ 31. Bxc1 h5 32. Rg2 Qe6 33. Re2 Re8 34.
Qxe6 fxe6 35. Re4 Kf7 36. Ke2 Ra8 37. Kd3 Bd8 38. Bd2 Bxa5 39. Nxa5 Rxa5 40.
Bxb4 Nxb4+ 41. Rxb4 Rf5 42. Ke3 Rg5 43. Rd4 Rb5 44. b4 e5 45. Rc4 g5 46. Kd3
Kf6 47. h3 Kf5 48. Ke3 Rb8 49. Kd3 Rd8+ 50. Ke3 Rd1 51. b5 Rb1 52. Rc5 Rb4 53.
Rd5 Rb3+ 54. Kf2 Kf4 55. Rd2 Rxf3+ 56. Kg2 Rg3+ 57. Kh2 Rb3 58. Rf2+ Ke4 59.
Re2+ Kf5 60. Rf2+ Kg6 61. Re2 0-1

[Event "OPEN A"]
[Site "?"]
[Date "2008.08.30"]
[Round "9.20"]
[White "Moravec, V."]
[Black "Groh, J."]
[Result "0-1"]
[WhiteElo "1966"]
[BlackElo "2186"]
[PlyCount "102"]
[EventDate "2008.08.22"]
[SourceDate "2008.08.30"]

1. e4 c5 2. Nc3 Nc6 3. g3 g6 4. Bg2 Bg7 5. f4 e6 6. d3 Nge7 7. Nf3 O-O 8. O-O
d6 9. Be3 b5 10. e5 Nd5 11. Bf2 dxe5 12. Nxe5 Nxe5 13. fxe5 Bb7 14. Bxc5 Nxc3
15. bxc3 Bxg2 16. Bxf8 Bxf1 17. Bxg7 Bxd3 18. cxd3 Kxg7 19. Qf3 Rc8 20. Rf1 Rc7
21. d4 Kg8 22. Rf2 b4 23. cxb4 Qxd4 24. Qf4 Qd1+ 25. Kg2 Qd5+ 26. Kh3 h5 27.
Rd2 Qc4 28. Rd8+ Kh7 29. Qxc4 Rxc4 30. Rd7 Kg7 31. Rxa7 Rxb4 32. Kg2 Rb5 33. a4
Rxe5 34. Kf3 g5 35. a5 g4+ 36. Kf2 Kf6 37. a6 Ra5 38. Ra8 Ke5 39. a7 Ke4 40.
Ke2 Ra2+ 41. Kd1 e5 42. Kc1 f5 43. Kb1 Ra6 44. Kc2 h4 45. Kb2 h3 46. Kc2 Kf3
47. Re8 Rxa7 48. Rxe5 Ra2+ 49. Kd1 Rxh2 50. Rxf5+ Kxg3 51. Ke1 Ra2 0-1

[Event "OPEN A"]
[Site "?"]
[Date "????.??.??"]
[Round "9.22"]
[White "Hadzala, D."]
[Black "Havelka, P."]
[Result "0-1"]
[WhiteElo "2099"]
[BlackElo "1957"]
[PlyCount "82"]
[EventDate "2008.08.22"]
[SourceDate "2008.08.30"]

1. d4 d5 2. e4 dxe4 3. Nc3 Nf6 4. Bg5 Nbd7 5. f3 exf3 6. Qxf3 e6 7. O-O-O c6 8.
Bd3 Be7 9. Nge2 Nd5 10. Bd2 N7f6 11. h4 Nxc3 12. Nxc3 Qxd4 13. Be2 Qb6 14. Qg3
Bd7 15. Na4 Qd4 16. Nc3 Qb6 17. Rhf1 Rg8 18. Na4 Qd4 19. Qb3 b5 20. Nc3 Qb4 21.
Bf3 Qxb3 22. axb3 Nd5 23. Ne4 f5 24. Ng5 h6 25. Nh3 Bxh4 26. c4 bxc4 27. bxc4
Nb6 28. Be2 Bf6 29. Bb4 c5 30. Bxc5 Bxb2+ 31. Kb1 Na4 32. Bd6 Bf6 33. Bf3 Nc3+
34. Kc2 Nxd1 35. Rxd1 Ba4+ 36. Kd2 Rd8 37. c5 Bxd1 38. Kxd1 Rxd6+ 39. cxd6 Kd7
40. Nf4 Kxd6 41. Ke2 e5 0-1

[Event "OPEN A"]
[Site "?"]
[Date "2008.08.30"]
[Round "9.23"]
[White "Pavlicek"]
[Black "Benak"]
[Result "0-1"]
[WhiteElo "2086"]
[BlackElo "1827"]
[PlyCount "34"]
[EventDate "2008.08.23"]
[SourceDate "2008.08.30"]

1. e4 e5 2. Bc4 Nf6 3. d3 Bc5 4. Nf3 Nc6 5. c3 O-O 6. b4 Bb6 7. O-O d6 8. h3
Qe7 9. Re1 Be6 10. Nbd2 d5 11. exd5 Nxd5 12. Bxd5 Bxd5 13. d4 a6 14. Ba3 Bxf3
15. Qxf3 Nd8 16. d5 Qg5 17. Ne4 Qg6 {dale necitelne} 0-1

[Event "OPEN A"]
[Site "?"]
[Date "2008.08.30"]
[Round "9.24"]
[White "Musil, V."]
[Black "Skokan, F."]
[Result "1-0"]
[WhiteElo "2039"]
[BlackElo "1747"]
[PlyCount "73"]
[EventDate "2008.08.23"]
[SourceDate "2008.08.30"]

1. e4 c5 2. Nf3 Nc6 3. d4 cxd4 4. Nxd4 Nf6 5. Nc3 a6 6. g3 d6 7. Bg2 e6 8. O-O
Be7 9. Nxc6 bxc6 10. e5 Nd5 11. exd6 Bxd6 12. Ne4 Bc7 13. c4 Ne7 14. Qg4 Be5
15. Qh5 Qc7 16. Rb1 Bb7 17. Nc5 g6 18. Qe2 Bc8 19. Re1 Bg7 20. b4 O-O 21. Bf4
Qb6 22. Bd6 Re8 23. Na4 Qb7 24. Nc5 Qb6 25. Be5 f6 26. Na4 Qb7 27. Bd6 Nf5 28.
c5 Rd8 29. Nb6 Nxd6 30. Nxa8 Qxa8 31. cxd6 Rxd6 32. a4 Bb7 33. Rbd1 Qf8 34.
Rxd6 Qxd6 35. Rd1 Qe7 36. Qd2 Kf7 37. Qd8 1-0

[Event "OPEN A"]
[Site "?"]
[Date "2008.08.30"]
[Round "9.25"]
[White "Vitous, M."]
[Black "Fikr, L."]
[Result "0-1"]
[WhiteElo "1910"]
[BlackElo "2037"]
[PlyCount "82"]
[EventDate "2008.08.22"]
[SourceDate "2008.08.30"]

1. Nf3 Nf6 2. d4 g6 3. c4 Bg7 4. Nc3 O-O 5. g3 d6 6. Bg2 Nbd7 7. O-O e5 8. e4
c6 9. d5 c5 10. Ne1 Ne8 11. Nd3 a6 12. a4 b6 13. Bd2 Rb8 14. Qc1 f5 15. Bh6
Ndf6 16. Bxg7 Nxg7 17. f4 fxe4 18. Nxe4 Nxe4 19. Bxe4 exf4 20. Rxf4 Nf5 21.
Bxf5 Bxf5 22. Qd2 Rb7 23. Re1 Re7 24. Rff1 Rfe8 25. Rxe7 Rxe7 26. Nf2 Qe8 27.
Qf4 Qd7 28. Qd2 Re5 29. b3 Qe7 30. g4 Re2 31. Qf4 Bc2 32. Nh3 Re1 33. Ng5 Rxf1+
34. Kxf1 Qf8 35. Qxf8+ Kxf8 36. Nxh7+ Ke7 37. Ke2 Bxb3 38. Kd3 Bxa4 39. Ng5 Bd7
40. h3 Kf6 41. Nf3 b5 0-1

[Event "Open A"]
[Site "?"]
[Date "2008.??.??"]
[Round "9.26"]
[White "Zdenek, P."]
[Black "Boucek, V."]
[Result "0-1"]
[WhiteElo "1775"]
[BlackElo "2017"]
[PlyCount "114"]
[EventDate "2008.??.??"]

1. d4 d6 2. c4 c6 3. e4 Nd7 4. Nc3 e5 5. Be3 g6 6. dxe5 dxe5 7. Qd2 f6 8. Nge2
Qe7 9. g3 Nb6 10. b3 Be6 11. Bg2 Rd8 12. Qc2 Nh6 13. f3 Nf7 14. O-O Qc7 15.
Rad1 Rxd1 16. Nxd1 Nd7 17. f4 Bg4 18. Nf2 Bxe2 19. Qxe2 Bc5 20. Nd3 Bxe3+ 21.
Qxe3 b6 22. Bh3 Qd6 23. Bxd7+ Qxd7 24. f5 g5 25. c5 O-O 26. Rd1 Qd4 27. Qxd4
exd4 28. Nb4 Ne5 29. cxb6 axb6 30. h3 Rd8 31. Kf2 h5 32. a4 Kf7 33. Nd3 c5 34.
Ke2 Rc8 35. Nxe5+ fxe5 36. Kd3 Ke7 37. Kc4 Kd6 38. Rh1 Rd8 39. Rd1 Kc6 40. Rd3
g4 41. h4 Rb8 42. b4 b5+ 43. axb5+ Rxb5 44. bxc5 Rb1 45. Rb3 Rc1+ 46. Kd3 Kxc5
47. Kd2 Rf1 48. Ke2 Ra1 49. f6 Ra2+ 50. Ke1 Ra7 51. Rb2 Rf7 52. Rf2 d3 53. Rf5
Kd4 54. Kd2 Kxe4 55. Rxh5 Rxf6 56. Ke1 Rf3 57. Rh8 Rxg3 0-1

[Event "Open A"]
[Site "?"]
[Date "2008.??.??"]
[Round "9.28"]
[White "Macek, K."]
[Black "Tejkal, J."]
[Result "1/2-1/2"]
[WhiteElo "1959"]
[BlackElo "2014"]
[PlyCount "21"]
[EventDate "2008.??.??"]

1. e4 c5 2. Nf3 Nc6 3. d4 cxd4 4. Nxd4 Nf6 5. Nc3 d6 6. Be2 e5 7. Nb3 Be7 8.
O-O a5 9. a3 a4 10. Nd2 Be6 11. Nc4 1/2-1/2

[Event "Open A"]
[Site "?"]
[Date "2008.??.??"]
[Round "9.29"]
[White "Muzikar, M."]
[Black "Schmalz, M."]
[Result "1/2-1/2"]
[WhiteElo "1837"]
[BlackElo "1993"]
[PlyCount "20"]
[EventDate "2008.??.??"]

1. e4 c6 2. d4 d5 3. exd5 cxd5 4. Bd3 Nf6 5. c3 Nc6 6. Bf4 Bg4 7. Nf3 e6 8.
Nbd2 Bd6 9. Bg3 O-O 10. Qc2 Rc8 1/2-1/2

[Event "OPEN A"]
[Site "?"]
[Date "2008.08.30"]
[Round "9.30"]
[White "Zvara, D."]
[Black "Cervenka, P."]
[Result "0-1"]
[WhiteElo "1802"]
[BlackElo "1985"]
[PlyCount "76"]
[EventDate "2008.08.23"]
[SourceDate "2008.08.30"]

1. d4 e6 2. c4 f5 3. Nc3 Nf6 4. Bf4 Be7 5. e3 d6 6. Bd3 O-O 7. h3 Nbd7 8. g4 e5
9. dxe5 dxe5 10. Bg3 e4 11. Bc2 Nc5 12. Qxd8 Bxd8 13. gxf5 Bxf5 14. O-O-O Rf7
15. Nge2 Nh5 16. Rd5 Nd3+ 17. Bxd3 exd3 18. Nf4 Nxg3 19. fxg3 c6 20. Rc5 Bb6
21. Re5 Bc7 22. Rc5 Bd6 23. Ra5 b6 24. Ra4 g5 25. e4 gxf4 26. exf5 fxg3 27. Rg1
Bf4+ 28. Kd1 Re8 29. c5 Rxf5 30. cxb6 axb6 31. Ne4 b5 32. Rb4 Bc7 33. Re1 Kf8
34. Rg1 g2 35. Nd2 Re2 36. Rd4 Bb6 37. Rxd3 Rxd2+ 38. Rxd2 Rf1+ 0-1

[Event "OPEN A"]
[Site "?"]
[Date "????.??.??"]
[Round "9.31"]
[White "Postupa, M."]
[Black "Halla, J."]
[Result "1-0"]
[WhiteElo "1984"]
[BlackElo "1834"]
[PlyCount "69"]
[EventDate "2008.08.22"]
[SourceDate "2008.08.30"]

1. e4 e6 2. d4 d5 3. e5 c5 4. c3 Nc6 5. Nf3 Qb6 6. Be2 cxd4 7. cxd4 Nge7 8. Nc3
Nf5 9. Na4 Bb4+ 10. Bd2 Qa5 11. Bc3 Bd7 12. a3 Bxc3+ 13. Nxc3 h5 14. O-O h4 15.
h3 O-O 16. b4 Qd8 17. b5 Na5 18. Bd3 Nh6 19. a4 b6 20. Rc1 f5 21. exf6 Qxf6 22.
Ne5 Qd8 23. Qc2 Be8 24. Bh7+ Kh8 25. Bg6 Rc8 26. Qd3 Qf6 27. Nxd5 Bxb5 28. Nxf6
Bxd3 29. Bxd3 Rxc1 30. Rxc1 gxf6 31. Ng6+ Kg7 32. Nxf8 Kxf8 33. Rc7 Nb3 34.
Rxa7 Nxd4 35. Rb7 1-0

[Event "OPEN A"]
[Site "?"]
[Date "????.??.??"]
[Round "9.32"]
[White "Lacha, J."]
[Black "Vorackova, J."]
[Result "1/2-1/2"]
[WhiteElo "1979"]
[BlackElo "1905"]
[PlyCount "51"]
[EventDate "2008.08.22"]
[SourceDate "2008.08.30"]

1. e4 c6 2. d4 d5 3. exd5 cxd5 4. c4 Nf6 5. Nc3 Nc6 6. Nf3 Bg4 7. cxd5 Nxd5 8.
Qb3 Bxf3 9. gxf3 e6 10. Qxb7 Nxd4 11. Bb5+ Nxb5 12. Qc6+ Ke7 13. Qxb5 Qd7 14.
Nxd5+ Qxd5 15. Qxd5 exd5 16. Be3 Ke6 17. O-O-O Bb4 18. Bd4 Rhc8+ 19. Kb1 a6 20.
a3 Ba5 21. b4 Bb6 22. Rde1+ Kd6 23. Be5+ Kc6 24. Re2 Re8 25. Rc1+ Kb5 26. Rd1
1/2-1/2

[Event "OPEN A"]
[Site "?"]
[Date "????.??.??"]
[Round "9.34"]
[White "Pospisil, M."]
[Black "Hadrava, J."]
[Result "1/2-1/2"]
[WhiteElo "1758"]
[BlackElo "2011"]
[PlyCount "80"]
[EventDate "2008.08.22"]
[SourceDate "2008.08.30"]

1. d4 d5 2. Bf4 e6 3. Nf3 Bd6 4. Bg3 Bxg3 5. hxg3 Nf6 6. e3 c6 7. c3 Qb6 8. Qc1
Nbd7 9. Nbd2 Ne4 10. Nxe4 dxe4 11. Nd2 f5 12. Be2 Nf6 13. Nc4 Qc7 14. Ne5 Rg8
15. g4 g6 16. gxf5 exf5 17. Bc4 Rg7 18. Qd2 Qe7 19. O-O-O Be6 20. Qc2 Bxc4 21.
Nxc4 Qe6 22. Qb3 b5 23. Ne5 Qxb3 24. axb3 Rc8 25. Kd2 Nd7 26. Nxd7 Kxd7 27. Ra1
Kd6 28. c4 Rb8 29. Kc2 h5 30. Ra2 Rbb7 31. g3 Rgc7 32. Ra6 Ke7 33. Kc3 Rb6 34.
Rha1 Rxa6 35. Rxa6 g5 36. Kb4 bxc4 37. bxc4 f4 38. exf4 gxf4 39. gxf4 h4 40.
Ra5 c5+ 1/2-1/2

[Event "Open A"]
[Site "?"]
[Date "2008.??.??"]
[Round "9.35"]
[White "Koper, S."]
[Black "Hlina, M."]
[Result "1/2-1/2"]
[WhiteElo "2007"]
[BlackElo "1783"]
[PlyCount "28"]
[EventDate "2008.??.??"]

1. e4 e5 2. d4 d5 3. exd5 exd4 4. Bd3 Bd6 5. c3 c6 6. Ne2 Ne7 7. O-O O-O 8. Bf4
Bxf4 9. Nxf4 Bf5 10. Bxf5 Nxf5 11. Re1 Re8 12. Nd2 Nd7 13. Nf3 Nf6 14. Qd2 Qd7
1/2-1/2

[Event "OPEN A"]
[Site "?"]
[Date "2008.08.30"]
[Round "9.36"]
[White "Urban, M."]
[Black "Hlavnicka, J."]
[Result "1/2-1/2"]
[WhiteElo "1875"]
[BlackElo "1954"]
[PlyCount "20"]
[EventDate "2008.08.22"]
[SourceDate "2008.08.30"]

1. e4 c5 2. Nf3 Nc6 3. d4 cxd4 4. Nxd4 g6 5. c4 Bg7 6. Be3 Nf6 7. Nc3 d6 8. Be2
O-O 9. O-O a6 10. f3 Bd7 1/2-1/2

[Event "OPEN A"]
[Site "?"]
[Date "????.??.??"]
[Round "9.37"]
[White "Hajek, J."]
[Black "Horyna, J."]
[Result "1/2-1/2"]
[WhiteElo "1713"]
[BlackElo "1941"]
[PlyCount "27"]
[EventDate "2008.08.22"]
[SourceDate "2008.08.30"]

1. e4 c5 2. Nc3 g6 3. f4 Bg7 4. Nf3 Nc6 5. Bb5 a6 6. Bxc6 dxc6 7. O-O Nf6 8. d3
O-O 9. Be3 b6 10. h3 Qc7 11. Qe1 Nd7 12. Qh4 Qd8 13. Qg3 Qc7 14. Qh4 1/2-1/2

[Event "OPEN A"]
[Site "?"]
[Date "????.??.??"]
[Round "9.38"]
[White "Rmoutil, M."]
[Black "Lexa, V."]
[Result "1-0"]
[WhiteElo "1988"]
[BlackElo "1937"]
[PlyCount "39"]
[EventDate "2008.08.22"]
[SourceDate "2008.08.30"]

1. e4 c5 2. Nf3 d6 3. d4 cxd4 4. Nxd4 Nf6 5. Nc3 a6 6. Bc4 e6 7. Bb3 Be7 8. f4
Qc7 9. O-O O-O 10. Kh1 Bd7 11. f5 e5 12. Nf3 Bc6 13. Qe2 b5 14. a3 Qb7 15. Bg5
Nxe4 16. Nxe4 Bxe4 17. Bxe7 Bxf3 18. Qxf3 e4 19. Qg3 Re8 20. Bf6 1-0

[Event "Open A"]
[Site "?"]
[Date "2008.??.??"]
[Round "9.40"]
[White "Feierfeil, J."]
[Black "Hampel, R."]
[Result "0-1"]
[WhiteElo "1947"]
[BlackElo "1826"]
[PlyCount "70"]
[EventDate "2008.??.??"]

1. d4 d5 2. Nf3 Nf6 3. Bf4 c6 4. Nbd2 e6 5. e3 Nbd7 6. Bd3 Be7 7. Ne5 O-O 8.
Qf3 Qb6 9. Rb1 c5 10. c3 cxd4 11. exd4 Qa5 12. a3 Qd8 13. Qh3 Re8 14. g4 Nf8
15. Qg2 N6d7 16. Ndf3 f6 17. Nxd7 Bxd7 18. h4 e5 19. dxe5 fxe5 20. Nxe5 Bd6 21.
Qxd5+ Be6 22. Qd4 Qc7 23. O-O Rad8 24. Rbe1 Bxe5 25. Bxh7+ Nxh7 26. Qxe5 Qc8
27. Qa5 Bc4 28. Rxe8+ Rxe8 29. Qh5 Bxf1 30. Kxf1 Qc4+ 31. Kg2 Nf6 32. Qg5 Qc6+
33. f3 Re2+ 34. Kg3 Qb6 35. Bc1 Ne4+ 0-1

[Event "Open A"]
[Site "?"]
[Date "2008.??.??"]
[Round "9.41"]
[White "Rutter, L."]
[Black "Adamik, F."]
[Result "1-0"]
[WhiteElo "1893"]
[BlackElo "1921"]
[PlyCount "85"]
[EventDate "2008.??.??"]

1. e4 c5 2. Nf3 d6 3. d4 cxd4 4. Nxd4 Nf6 5. Nc3 a6 6. Bg5 e6 7. f4 Qb6 8. Nb3
h6 9. Bxf6 gxf6 10. Qd2 Nc6 11. O-O-O Bd7 12. Be2 O-O-O 13. Bf3 Na5 14. Nxa5
Qxa5 15. Rhe1 Kb8 16. g4 Rc8 17. Re3 Be7 18. Kb1 Rc4 19. Ne2 Qc7 20. Rc3 Rc8
21. Rxc4 Qxc4 22. f5 Bc6 23. Nc3 b5 24. Qd4 Qc5 25. Qd2 b4 26. Ne2 Bb5 27. Nd4
Bd7 28. Nb3 Qb6 29. Qd4 Ka7 30. Rd3 Bb5 31. Rd1 Rc4 32. Qxb6+ Kxb6 33. Nd4 Bd7
34. Ne2 Bc8 35. c3 Bb7 36. Rd4 Kc5 37. cxb4+ Rxb4 38. Rxb4 Kxb4 39. Kc2 Bd8 40.
Kd3 Bb6 41. Nd4 e5 42. a3+ Kc5 $4 43. b4# 1-0

[Event "Open A"]
[Site "?"]
[Date "2008.??.??"]
[Round "9.42"]
[White "Zima"]
[Black "Kyselka"]
[Result "1-0"]
[WhiteElo "2500"]
[BlackElo "2500"]
[PlyCount "22"]
[EventDate "2008.??.??"]

1. c4 Nf6 2. Nc3 g6 3. d4 Bg7 4. e4 d6 5. Bg5 O-O 6. Qd2 Re8 7. f3 Nbd7 8. Bd3
e5 9. d5 Nc5 10. Bc2 a5 11. Nge2 Qd7 1-0

[Event "Open A"]
[Site "?"]
[Date "2008.??.??"]
[Round "9.43"]
[White "Havlicek, P."]
[Black "Sedivy, O."]
[Result "1/2-1/2"]
[WhiteElo "1601"]
[BlackElo "1638"]
[PlyCount "76"]
[EventDate "2008.??.??"]

1. e4 e6 2. d4 d5 3. e5 c5 4. c3 Nc6 5. Be3 Qb6 6. Qd2 cxd4 7. cxd4 f6 8. Nf3
Bd7 9. Be2 Bb4 10. Nc3 a6 11. O-O Qc7 12. Bf4 f5 13. Rfc1 Nge7 14. a3 Ba5 15.
b4 Bb6 16. Na4 Ng6 17. Nc5 O-O 18. Ng5 Qc8 19. Rc3 Bd8 20. Rg3 b6 21. Nb3 Be8
22. Rc1 h6 23. Nh3 Qb7 24. Bh5 Nxf4 25. Nxf4 Bg5 26. Bxe8 Rfxe8 27. Rgc3 Rac8
28. g3 Ne7 29. h4 Bxf4 30. Qxf4 Ng6 31. Qd2 Rxc3 32. Qxc3 Kf7 33. Qc6 Re7 34.
Qc8 Rd7 35. h5 Ne7 36. Qc2 Ke8 37. f3 Kd8 38. a4 Rc7 1/2-1/2

[Event "OPEN B"]
[Site "?"]
[Date "2008.08.30"]
[Round "9.1"]
[White "Rut, V."]
[Black "Klima, J."]
[Result "1/2-1/2"]
[WhiteElo "1649"]
[BlackElo "1660"]
[PlyCount "56"]
[EventDate "2008.08.23"]
[SourceDate "2008.08.30"]

1. e4 c5 2. Nf3 d6 3. d4 cxd4 4. Nxd4 Nf6 5. Nc3 a6 6. Bg5 e6 7. f4 Qb6 8. Qd2
Be7 9. O-O-O Nc6 10. Nb3 h6 11. Bxf6 gxf6 12. f5 Bd7 13. Kb1 O-O-O 14. Be2 Kb8
15. Bh5 Ne5 16. Qd4 Qxd4 17. Nxd4 Rhg8 18. Rhg1 Rg5 19. g4 Rdg8 20. h3 Bd8 21.
Nce2 Bb6 22. Rgf1 Bxd4 23. Nxd4 exf5 24. exf5 Kc7 25. b3 Bc6 26. Rfe1 R5g7 27.
Re3 Rd8 28. c4 Rgg8 1/2-1/2

[Event "OPEN B"]
[Site "?"]
[Date "2008.08.30"]
[Round "9.2"]
[White "Rubes, Z."]
[Black "Kalvach, L."]
[Result "1/2-1/2"]
[WhiteElo "1757"]
[BlackElo "1881"]
[PlyCount "51"]
[EventDate "2008.08.22"]
[SourceDate "2008.08.30"]

1. d4 Nf6 2. Nf3 d6 3. c4 Nbd7 4. Nc3 c6 5. e4 e5 6. Be2 Be7 7. O-O O-O 8. Qc2
a5 9. b3 Qc7 10. Rd1 b6 11. Ba3 exd4 12. Nxd4 Nc5 13. Bf3 Bg4 14. Bxg4 Nxg4 15.
f3 Ne3 16. Qf2 Nxd1 17. Rxd1 Rad8 18. Nf5 Bf6 19. Bb2 Rfe8 20. Qg3 Ne6 21. Nd5
cxd5 22. Bxf6 dxc4 23. Nxg7 Kf8 24. Nxe8 Rxe8 25. bxc4 Qc5+ 26. Qf2 1/2-1/2

[Event "Open B"]
[Site "?"]
[Date "2008.??.??"]
[Round "9.3"]
[White "Hatas, O."]
[Black "Blumel, M."]
[Result "1-0"]
[WhiteElo "1437"]
[BlackElo "1675"]
[PlyCount "71"]
[EventDate "2008.??.??"]

1. e4 e5 2. Nc3 Nf6 3. f4 d5 4. fxe5 Nxe4 5. d3 Qh4+ 6. g3 Nxg3 7. Nf3 Qh5 8.
Nxd5 Na6 9. Nf4 Qg4 10. Bh3 Qxh3 11. Nxh3 Nxh1 12. Nf4 Bg4 13. Ke2 O-O-O 14.
Qxh1 g5 15. Ng2 f6 16. h3 Bh5 17. Nge1 Re8 18. Kd2 fxe5 19. b3 e4 20. dxe4 Rxe4
21. Bb2 Bb4+ 22. Bc3 Rd8+ 23. Nd3 Ba3 24. Re1 Rf4 25. Rf1 Nc5 26. Nxg5 Nxd3 27.
cxd3 Re8 28. Ne4 Rh4 29. Bf6 Bb4+ 30. Kc2 Rhxe4 31. dxe4 Bg6 32. Rf4 Re6 33.
Kb2 Rd6 34. Bc3 Bc5 35. Qf3 Kd7 36. Rf6 1-0

[Event "OPEN B"]
[Site "?"]
[Date "2008.08.30"]
[Round "9.4"]
[White "Rihova, K."]
[Black "Fojtu, T."]
[Result "1/2-1/2"]
[WhiteElo "1649"]
[BlackElo "1603"]
[PlyCount "57"]
[EventDate "2008.08.23"]
[SourceDate "2008.08.30"]

1. e4 g6 2. d4 Bg7 3. Nc3 d6 4. Be3 e6 5. Qd2 a6 6. a4 c6 7. Nf3 h6 8. Be2 Nd7
9. O-O Ndf6 10. Ne1 Nh7 11. Ra3 Qh4 12. Nf3 Qd8 13. Nd1 g5 14. Ne1 Ngf6 15. Qd3
h5 16. f4 g4 17. e5 Nd5 18. c4 Nxe3 19. Qxe3 d5 20. Rc3 Nf8 21. cxd5 cxd5 22.
Bd3 Bd7 23. b3 Bh6 24. Qf2 h4 25. f5 Rg8 26. fxe6 Bxe6 27. Qf6 Bg5 28. Qxd8+
Bxd8 29. Be2 1/2-1/2

[Event "OPEN B"]
[Site "?"]
[Date "2008.08.30"]
[Round "9.5"]
[White "Hrdina, R."]
[Black "Vorisek, M."]
[Result "0-1"]
[WhiteElo "1624"]
[BlackElo "1537"]
[PlyCount "120"]
[EventDate "2008.08.23"]
[SourceDate "2008.08.30"]

1. e4 c5 2. Nf3 e6 3. b3 Nc6 4. Bb2 a6 5. Be2 Nf6 6. d3 d5 7. exd5 exd5 8. d4
Bf5 9. a3 Be7 10. O-O O-O 11. Nbd2 Rc8 12. Nh4 Be6 13. dxc5 Nd7 14. Nhf3 Nxc5
15. Nd4 Nxd4 16. Bxd4 Bf5 17. Nf3 Ne6 18. c4 Nf4 19. cxd5 Bc2 20. Qd2 Nxe2+ 21.
Qxe2 Bxb3 22. Qb2 Qxd5 23. Rab1 Ba4 24. Bxg7 Rc2 25. Qxb7 Qxb7 26. Rxb7 Kxg7
27. Rxe7 Ra2 28. Re3 Rb8 29. Nd4 Rbb2 30. Rf3 Rd2 31. Nf5+ Kf8 32. Rc3 f6 33.
Rf3 Bc6 34. Rc3 Bb5 35. Rfc1 Rxf2 36. Rc8+ Kf7 37. Nd6+ Kg6 38. Rg8+ Kh6 39.
Nf7+ Kh5 40. Nd6 Bc6 41. g4+ Kh4 42. Nf5+ Kh3 43. Rc3+ Rf3 44. Rxf3+ Bxf3 45.
Rg7 Rxa3 46. Rxh7+ Kxg4 47. Nd4 Ra1+ 48. Kf2 Be4 49. Rg7+ Kh3 50. Re7 Ra5 51.
Ne2 f5 52. Rg7 Ra2 53. Ke3 Kxh2 54. Rh7+ Kg2 55. Nf4+ Kf1 56. Rh6 Ra3+ 57. Kd4
Rf3 58. Nd5 Rd3+ 59. Kc4 Rxd5 60. Rxa6 Bd3+ 0-1

[Event "OPEN B"]
[Site "?"]
[Date "2008.08.30"]
[Round "9.6"]
[White "Brhlik, A."]
[Black "Starychfojtu, J."]
[Result "1-0"]
[WhiteElo "1682"]
[BlackElo "1533"]
[PlyCount "43"]
[EventDate "2008.08.22"]
[SourceDate "2008.08.30"]

1. e4 e5 2. Nf3 Nc6 3. Bb5 a6 4. Ba4 Nf6 5. O-O b5 6. Bb3 Bc5 7. c3 O-O 8. d4
exd4 9. cxd4 Bb6 10. Bg5 h6 11. Bh4 g5 12. e5 Ne8 13. Qd3 Ne7 14. Nxg5 hxg5 15.
Bxg5 d5 16. Nc3 Bf5 17. Qg3 Ng7 18. Bf6 Bg6 19. Nxd5 Re8 20. Nxe7+ Rxe7 21. Qg5
Qxd4 22. Qxg6 1-0